00783nab a2200229 uc450000100070000000500170000700800410002403500110006503500210007604000130009704100080011010000460011824500750016465000330023965000230027265000350029565000560033065000300038677301080041694200100052499900190053464833620240607090327.0010222e20000701 spa  a648336 a(OCoLC)819882546 ccomduadb aspa10aBermudez Salazar, D. A.4auteaut933514110aFiltracion de licores de azucar de cana a velocidad y presion variable aLicores - Fabricacion946675 aFiltración94491 7aCaña de azúcar2lemb93202 aModelos exponenciales lineales generalizados931487 aIndustria azucarera955680 tIngeniería Química (Madrid)gVol. 32, No. 370, Jul.-Ago. 2000, p. 219-225w102048x0210-2064089813 cARIMP c188405d188405